00877nam a2200193Ia 4500001021300000002005100213008003700264010001100301530002200312650004700334650005700381650003200438650003200470700005400502700005100556700003700607942002000644999001900664IA_It also did sensitivity analysis demonstrates that the project is not very susceptible to higher inputs and lower selling prices, so you can determine that the project is technically and economically feasible.ESTUDIO DE FACTIBLIDAD TECNICO-ECONOMICO PARA LA I220117s xx 000 0 und d a185975 aDisponible en PDF 0aEntrepreneurshipzMexicozVeracruz9148698 0aIniciativa empresarialzMéxicozVeracruz 9148532 aLemonsxPackaging 9160869 aLimonesxEnvasado 9160870 aCovarrubias Gutíerrez, Ignacio, asesor 9163765 aGarcía Chávez, Luis Ramiro, asesor91637291 aPonce Hernández, Pedro9147918 cTESIS H476 2009 c185975d185975